000 00469nam a2200181Ia 4500
005 20250326125425.0
008 250326s9999 xx 000 0 und d
037 _aTextbook
040 _aFMSL
_beng
_cFMSL
041 _aeng
_2eng
084 _aZ1333 N9
_qFMSL
100 _aGao S S
_9739057
245 0 _aInternational leasing
_cGao S S
260 _aUSA
_bUSA, Ashgate
_c1999
300 _a246p
942 _cTB
_hZ1333 N9
999 _c1277994
_d1277994